000
00227nam a22000857a 4500
008
160924b xxu||||| |||| 00| 0 eng d
100
_9
721
_a
Kaushik.N
245
_a
My Father is a Hero
260
_a
New Delhi
_b
Srishti Publications
_c
2016
999
_c
3378
_d
3378